Ruedo como puedo! / (Record no. 20792)

MARC details
000 -LEADER
fixed length control field 01271nam a2200301Ka 4500
001 - CONTROL NUMBER
control field 779630814
003 - CONTROL NUMBER IDENTIFIER
control field OCoLC
005 - DATE AND TIME OF LATEST TRANSACTION
control field 20180528134231.0
008 - FIXED-LENGTH DATA ELEMENTS--GENERAL INFORMATION
fixed length control field 120309s2011 nyua b 000 1 spa d
020 ## - INTERNATIONAL STANDARD BOOK NUMBER
International Standard Book Number 9780545343756 (pbk.)
020 ## - INTERNATIONAL STANDARD BOOK NUMBER
International Standard Book Number 0545343755 (pbk.)
035 ## - SYSTEM CONTROL NUMBER
System control number (OCoLC)779630814
040 ## - CATALOGING SOURCE
Original cataloging agency Y38
Transcribing agency Y38
Modifying agency FIU
-- CoBoFLC
041 ## - LANGUAGE CODE
Language code of text/sound track or separate title spa
Language code of original eng
082 04 - DEWEY DECIMAL CLASSIFICATION NUMBER
Classification number [Fic]
Edition number 23
100 1# - MAIN ENTRY--PERSONAL NAME
Personal name Klein, Abby.
240 10 - UNIFORM TITLE
Uniform title <a href="Ready Freddy! Yikes! Bikes!">Ready Freddy! Yikes! Bikes!</a>
Language of a work Spanish.
245 10 - TITLE STATEMENT
Title Ruedo como puedo! /
Statement of responsibility, etc. by Abby Klein ; illustrated by John McKinley ; translated by Inigo Javaoyes.
260 ## - PUBLICATION, DISTRIBUTION, ETC. (IMPRINT)
Place of publication, distribution, etc. New York :
Name of publisher, distributor, etc. Scholastic,
Date of publication, distribution, etc. 2011.
300 ## - PHYSICAL DESCRIPTION
Extent 95 p. :
Other physical details ill. ;
Dimensions 20 cm.
440 #0 - SERIES STATEMENT/ADDED ENTRY--TITLE
Title Ready, Freddy! ;
Volume/sequential designation #7.
500 ## - GENERAL NOTE
General note La clase de Calixto fin participara en una vuelta ciclista con el fin de recaudar fondos para un refugio de animals, pero Calixto tiene un gran problema...Ha hecho una apuesta con el abuson de la clase de que dara mas vueltas en bicicleta que el. Pero Calixto ni siquiera sabe montar bicicleta! Ahora solo tiene dos semanas para aprender o hacer el ridulo frente a todos!
650 #0 - SUBJECT ADDED ENTRY--TOPICAL TERM
Topical term or geographic name as entry element Bicycles
Form subdivision Juvenile fiction.
655 #1 - INDEX TERM--GENRE/FORM
Genre/form data or focus term Spanish language materials.
700 1# - ADDED ENTRY--PERSONAL NAME
Personal name McKinley, John,
Dates associated with a name 1956-
Relator term ill.
700 1# - ADDED ENTRY--PERSONAL NAME
Personal name Javaoyes, Inigo.
942 ## - ADDED ENTRY ELEMENTS (KOHA)
Koha item type Libro/Book
Source of classification or shelving scheme Dewey Decimal Classification
Holdings
Withdrawn status Lost status Damaged status Not for loan Home library Current library Shelving location Date acquired Inventory number Total Checkouts Full call number Barcode Checked out Date last seen Date checked out Price effective from Koha item type
        San Juan Del Sur -- Biblioteca San Juan Del Sur -- Biblioteca Children's Area 13/06/2014 Checked out from 2022- Feb 2025 8 JF KLE 30005123 01/06/2022 27/04/2022 27/04/2022 13/06/2014 Libro/Book
        San Juan Del Sur -- Biblioteca San Juan Del Sur -- Biblioteca Children's Area 27/06/2017     JF KLE 30007882   27/06/2017   27/06/2017 Libro/Book

Powered by Koha